000 01490nam a22002417a 4500
999 _c20150
_d20150
005 20180803170445.0
008 180405b ck ||||| |||| 00| 0 spa d
040 _aCO-BoIAVH
_cCO-BoIAVH
041 _aspa
044 _ack
082 _a711.4
_bU68p
110 1 0 _aUnidad de Planeación Minero Energética
245 1 0 _aPlan nacional de ordenamiento minero PNOM:
_bprincipios, lineamientos y acciones estratégicas
250 _aEditorial Kimpres Ltda
260 _aBogotá:
_bMinisterio de Minas y Energía,
_c2014.
300 _a55 páginas
505 _aParte I. Introducción, retos y principios para el ordenamiento minero. - Parte ii. Lineamientos y acciones para el ordenamiento minero. - Problemas de coordinación interinstitucional y de licenciamiento. - Problemas de organización de la industria y de su regulación. - Fortalecer lo sistemas de información para la toma de decisiones y la prevención de conflictos, que se generan por ausencia de información pública. Los sistemas de formación y de innovación. - Parte III. - Resolución UPME No. 256 del 2014.
520 _aEn este trabajo se identificaron los conflictos o problemas que enfrenta la industria minera y, en consecuencia, se realizan propuestas con el fin de lograr su aprovechamiento ordenado y responsable.
650 1 4 _aIndustría minera
_zColombia
650 1 4 _aPlanes de conservación
_zColombia
650 1 4 _aResolución de conflictos
942 _2ddc
_cLIBRO